Регионална библиотека "Любен Каравелов" - Русе

Физика (Запис номер 437237)

MARC детайли
000 -Лидер
Контролно поле с фиксирана дължина nam a22 a 4500
003 - Код на организацията, давaща контролен номер
Контролно поле BLK
005 - Дата и час на последна редакция
Контролно поле 20221208031136.0
008 - Елементи от данни с фиксирана дължина
fixed length control field 211117b bu |||||r|||| 00| | bu d
040 ## - Източник на каталожния запис
Идентификатор на билиотеката - собственик на записа BLK
041 ## - Код за език
Код за езика на текст/звукозапис или на отделно заглавие Български
Код за езика КДБФ Български
080 ## - УДК
Текстов определител УДК Физика
УДК код - определител по УДК 53
УДК определител (075)
УДК - код + определител 53(075)
100 ## - Редна дума - Автор
R(LIN) 1299
Автор Попов, Димитър Д.
Авторска отговорност първи автор
139 ## - Редно поле
Редна дума Попов, Димитър Д.
245 ## - Сведения за заглавието
Заглавие Физика
Подзаглавни данни Учебник за I и II курс на пром. у-ща
Редно поле (дума) Димитър Д. Попов, Стефан Карамихов, Спас Станкулов
250 ## - Област на изданието
Сведения за изданието 4. изд
260 ## - Област на издателските данни
9 (RLIN) 443233
Място на издаване, разпространение и проч. София
Име на издателя, разпространителя и проч. Нар. просвета
Година на издаване 1959
300 ## - Физическа характеристика
Страници 275 с.
Илюстрации и др. с ил.
Размери/Мащаб 22 см
380 ## - Жанр
Жанр Естествени науки. Математика
650 #7 - Допълнително описание по предмет – тема
9 (RLIN) 175234
Основно описание – тема или топоним Физика
653 #7 - Ключова дума – ненормативна
9 (RLIN) 199275
Ключова дума физика
653 #7 - Ключова дума – ненормативна
9 (RLIN) 199113
Ключова дума учебници за техникуми
700 ## - Други автори (авторска отговорност)
Лично име Карамихов, Стефан М.
Автороска отговорност (Описва отношението между автора и произведението) съавт.
9 (RLIN) 1445
700 ## - Други автори (авторска отговорност)
Лично име Станкулов, Спас
Автороска отговорност (Описва отношението между автора и произведението) съавт.
9 (RLIN) 1445
852 ## - Местоположение
Форматна сигнатура Цб 14984
Фондова буква Основен фонд - ползва се само за читалня
999 ## - СИСТЕМНИ КОНТРОЛНИ НОМЕРА
Koha biblionumber 437237
Koha biblioitemnumber 437237
942 ## - АРТИКУЛИ
Вид на библиотечния материал Книги
Скрит в OPAC Не
Периодичен библиозапис Да
944 ## - СЪЗДАВАНЕ И РЕДАКЦИЯ на ЗАПИСА
Създаване/Редакция Създаване
Дата на регистрацията/редакция 2021-11-17
Служител, извършил регистрацията/редакцията Христина Везирева
Наличности
Код за отписване Код за изгубен артикул Източник на класификационната схема Код за повреда Коз за рестрикции Код за отдаване Артикулен № Име на библиотеката - собственик Име на библиотеката, в която се намира в момента Статус (Текущо местоположение) Дата на вписване в системата Местоположение - отдел Цена в лева Инвентарен номер Систематично азбучна сигнатура Баркод Цена в евро Служебен тип на артикула
  Не е изгубен Universal Decimal Classification Не е повреден само за читалня ползва се в читалня 862745 Регионална библиотека "Любен Каравелов" Русе Регионална библиотека "Любен Каравелов" Русе Хранилище 2021-11-18 Основен фонд - ползва се само за читалня 0.69 9556/59 Цб 14984 900000083862 0.35 Книги
Vip Innovations Ltd, Rousse, Bulgaria 2025